000 00411nam a2200157 u 4500
001 000025255
005 20200930023649.0
008 110209s19uu ve r 000 | spa d
040 _aDO-SdBNP
_bspa
_cBNPHU
082 _axxx
_bA775t
100 1 _aArria, Diego
_951753
245 1 0 _aTemas para una ciudad /
_cDiego Arria.
260 _aCaracas :
_b[s.n.] ,
_c[19?].
300 _a174 p. ;
_c18 cm.
049 _aBNGR
999 _c24748
_d24748